Tilastot visalle Sisilian lähimmät maat

Klikkaa tästä pelataksesi tätä visaa!

Yleistilastot

  • Tätä visaa on pelattu 16 kertaa
  • Keskiarvotulos 18 / 20

Vastaustilastot

kmmaa% Oikein
530Bosnia ja
Hertsegovina
100%
738Espanja
100%
581Kosovo
100%
366Kreikka
100%
504Kroatia
100%
81Malta
100%
394Albania
93%
214Algeria
93%
506Montenegro
93%
527Pohjois-Makedonia
93%
463Ranska
93%
634San Marino
93%
642Serbia
93%
792Slovenia
93%
71Tunisia
93%
415Vatikaanivaltio
93%
445Libya
86%
710Bulgaria
79%
760Monaco
79%
852Unkari
50%

Tulosjakauma

Persentiili vastausten määrän mukaan

Jokaisen tuloksen saaneiden osuus

Tuloshistoriasi

Et ole pelannut tätä visaa